Statistics for The Office Actors

Click here to take the quiz!

General Stats

  • This quiz has been taken 123 times
  • The average score is 12 of 25

Answer Stats

Hint Answer % Correct
Michael ScottSteve Carell
96%
Dwight SchruteRainn Wilson
91%
Jim HalpertJohn Krasinski
86%
Creed BrattonCreed Bratton
84%
Pam HalpertJenna Fischer
82%
Andy BernardEd Helms
82%
Ryan HowardB. J. Novak
82%
Kelly KapoorMindy Kaling
64%
Angela MartinAngela Kinsey
57%
Oscar MartinezOscar Nunez
50%
Erin HannonEllie Kemper
48%
Robert CaliforniaJames Spader
46%
Phyllis VancePhyllis Smith
40%
Toby FlendersonPaul Lieberstein
38%
Meredith PalmerKate Flannery
38%
Darryl PhilbinCraig Robinson
36%
Holly FlaxAmy Ryan
31%
Stanley HudsonLeslie David Baker
26%
Jan LevinsonMelora Hardin
25%
Nellie BertramCatherine Tate
25%
Gabe LewisZach Woods
15%
Roy AndersonDavid Denman
12%
Pete MillerJake Lacy
11%
Clark GreenClark Duke
9%
Kevin MaloneKevin Baumgartner
1%

Score Distribution

Percentile by Number Answered

Percent of People with Each Score

Your Score History

You have not taken this quiz